| 000 | 01181cam a22003377a 4500 | ||
|---|---|---|---|
| 003 | CHAP | ||
| 005 | 20220329135124.0 | ||
| 008 | 971013s1966 r 00010 d | ||
| 010 | _a31278 | ||
| 011 | _a32250 | ||
| 035 | _a36363 | ||
| 040 | _cCHAP | ||
| 082 |
_a338.1097293 _bM3 |
||
| 100 | 0 | 0 |
_aMashall, Gerland R. _972765 |
| 245 | 1 | 3 | _aUn estudio socio-económico de un área agrícola en la provincia de Monte Cristi |
| 260 |
_aRepública Dominicana : _bInstituto Superior de Agricultura, _c1966-68 |
||
| 300 | _app. 1-10 | ||
| 490 | 0 |
_aBoletín técnico _v; 1 |
|
| 501 | _aEnc. con otros impresos similares | ||
| 590 |
_aBATCH-UPD _b10 _c20130110 _lUCH01 _h0203 |
||
| 590 |
_aBATCH-UPD _b10 _c20130110 _lUCH01 _h1858 |
||
| 590 |
_aBATCH-UPD _b10 _c20130410 _lUCH01 _h1226 |
||
| 590 |
_aBATCH-UPD _b10 _c20130914 _lUCH01 _h0653 |
||
| 590 |
_aCONVERSION _b10 _c20130109 _lUCH01 _h1318 |
||
| 650 | 1 | 4 |
_aAgricultura _xAspectos economicos _xRepublica Dominicana. _91290 |
| 650 | 1 | 4 |
_aRepública Dominicana _xAgricultura. _996017 |
| 830 | 0 |
_aBoletín técnico _v; 1 _913560 |
|
| 901 | _aBK | ||
| 942 | _cLIBRO | ||
| 949 |
_a338.1097293 M3 _bBC _cLIBRO _d33724000363156 _eLIBRO _i36363 _mD _si |
||
| 999 |
_c31278 _d31278 |
||